000 00401nam a22001457a 4500
082 _aT-235
100 _aSalman Mulk
_951459
245 _aInvestigating Mainstreaming DRR into the Critical Infrastructure at District Mardan
260 _aRisalpur,
_bMCE,
_c2018.
300 _a106p.
526 _a0
_b0
_c0
_dT_235
650 _aThesis
_934811
700 _aDr. Naeem Shahzad
_934734
942 _2ddc
_cBK
999 _c554135
_d554135